| 000 | 00345nam a2200145Ia 4500 | ||
|---|---|---|---|
| 008 | 230917s9999||||xx |||||||||||||| ||und|| | ||
| 040 |
_e130449 _aMAIN |
||
| 041 | _aEnglish | ||
| 082 | _a338.6 O6U | ||
| 100 | _aOma, Rao | ||
| 245 | 0 | _aUdyog tatha nirman ka sangathan | |
| 260 |
_aMoscow _bPargti Prakashan |
||
| 300 | _a151 p. | ||
| 942 | _cBK | ||
| 999 |
_c185620 _d185620 |
||